Atlas didáctico : dimensión socioambiental de los conflictos territoriales en Chile

El atlas es ante todo un material didáctico, y ha supuesto un proceso de aprendizaje desde su misma gestación, permitiendo poner en diálogo miradas diversas, por ejemplo, aquí convergen aquellos que conciben el entorno como paisaje, como medio de subsistencia, como ecosistema mayor del que los seres...

Descripción completa

Detalles Bibliográficos
Autor Corporativo: Observatorio Latinoamericano de Conflictos Ambientales
Formato: Analitica de revista
Lenguaje:español
Acceso en línea:Acceso electrónico al documento

MARC

LEADER 00000cab a2200000 a 4500
001 024253
003 UAHC_CL
005 20251006171343.0
008 251006s2016 cl || || 000 s|spa d
040 |a UAHC_CL  |c UAHC_CL  |d UAHC_CL 
110 |a Observatorio Latinoamericano de Conflictos Ambientales  |9 22343 
245 |a Atlas didáctico :  |b dimensión socioambiental de los conflictos territoriales en Chile  |c Observatorio Latinoamericano de Conflictos Ambientales. 
264 |a Santiago, Chile :  |b Quimantú,  |c 2016. 
300 |a 70 páginas. 
500 |a Sitio visitado https://www.geografiacritica.cl/2016/07/02/descarga-atlas-didactico-dimension-socioambiental-de-los-conflictos-territoriales-en-chile/ el 6 de octubre de 2025. 
520 |a El atlas es ante todo un material didáctico, y ha supuesto un proceso de aprendizaje desde su misma gestación, permitiendo poner en diálogo miradas diversas, por ejemplo, aquí convergen aquellos que conciben el entorno como paisaje, como medio de subsistencia, como ecosistema mayor del que los seres humanos somos parte, o como escenario privilegiado para observar los impactos locales de la crisis global que está generando el extractivismo y el neoextractivismo. Agradecemos desde ya el apoyo brindado por las comunidades 
856 |y Acceso electrónico al documento  |u https://www.geografiacritica.cl/2016/07/02/descarga-atlas-didactico-dimension-socioambiental-de-los-conflictos-territoriales-en-chile/ 
942 |c REVA  |2 ddc 
952 |0 0  |1 0  |2 ddc  |4 0  |6 RECURSO_ELECTRÓNICO  |7 0  |8 COMP  |9 101359  |a BR  |b BR  |c Digital  |d 2025-10-06  |l 0  |o Recurso electrónico  |r 2025-10-06 17:14:02  |w 2025-10-06  |y REVA  |B PBAS 
999 |c 63076  |d 63076